21st Century Journalism in India (Record no. 854)

MARC details
000 -LEADER
Fixed length control field 00467nam a2200169 4500
003 - CONTROL NUMBER IDENTIFIER
Control field SEACOMMC
005 - DATE AND TIME OF LATEST TRANSACTION
Control field 20250426130514.0
008 - FIXED-LENGTH DATA ELEMENTS--GENERAL INFORMATION
Fixed length control field 241210b |||||||| |||| 00| 0 eng d
020 ## - INTERNATIONAL STANDARD BOOK NUMBER / ISBN
International Standard Book Number 978-0-7619-3561-2
Price Rs.595.00
040 ## - CATALOGING SOURCE
Original cataloging agency SEACOMMC
082 ## - DEWEY DECIMAL CLASSIFICATION NUMBER
Classification number 070.4
Book Number R 197
100 ## - MAIN ENTRY--PERSONAL NAME
Personal name Rajan, Nalini
245 1# - TITLE STATEMENT
Title 21st Century Journalism in India
Statement of responsibility edited by Nalini Rajan
260 ## - IMPRINT
Place of publication New Delhi
Name of publisher Sage Publications
Date of publication 2007
650 ## - SUBJECT ADDED ENTRY--TOPICAL TERM
Topical term Journalism-India
942 ## - ADDED ENTRY ELEMENTS (KOHA)
Koha item type Books
Holdings
Withdrawn status Lost status Source of classification Damaged status Not for loan Home library Current library Shelving location Date acquired Total Checkouts Call number Accession number Date last seen Price effective from Koha item type Copy number
    Dewey Decimal Classification     SEACOM MANAGEMENT COLLEGE SEACOM MANAGEMENT COLLEGE Reference 04/12/2007   070.4 R 197 M-1142 10/12/2024 10/12/2024 Books  
    Dewey Decimal Classification     SEACOM MANAGEMENT COLLEGE SEACOM MANAGEMENT COLLEGE   04/12/2007   070.4 R 197 M-1143 10/12/2024 10/12/2024 Books 1
© Seacom Engineering College, All rights reserved.    Powered by Koha